Vývoj informačnej gramotnosti v SR a EÚ

Pojem informačná gramotnosť. Znalostná ekonomika. Informačná nerovnosť. Informatizácia spoločnosti. Digitálna gramotnosť podľa krajov SR (2011). Úroveň digitálnej gramotnosti podľa sociálnych skupín v roku 2011. Trendy vzdelávania a informačné správanie. Knižnica v informačnej spoločnosti.

Salvato in:
Dettagli Bibliografici
Autore principale: Novák, Martin, 1980-
Natura: Capitolo di libro
Lingua:slovacco
Soggetti:
Tags: Aggiungi Tag
Nessun Tag, puoi essere il primo ad aggiungerne!!

MARC

LEADER 00000nla a2200000 4500
001 0166521
005 20240502072911.3
041 0 |a slo 
044 |a SK 
245 1 0 |a Vývoj informačnej gramotnosti v SR a EÚ  |c Martin Novák 
520 |a Pojem informačná gramotnosť. Znalostná ekonomika. Informačná nerovnosť. Informatizácia spoločnosti. Digitálna gramotnosť podľa krajov SR (2011). Úroveň digitálnej gramotnosti podľa sociálnych skupín v roku 2011. Trendy vzdelávania a informačné správanie. Knižnica v informačnej spoločnosti. 
610 2 0 |a gramotnosť informačná 
610 2 0 |a gramotnosť digitálna 
610 2 0 |a spoločnosť informačná 
610 2 0 |a vzdelávanie 
610 2 0 |a ekonomika vedomostná 
610 2 0 |a knižnice 
610 2 0 |a Slovensko 
610 2 0 |a Európska únia 
100 1 |a Novák, Martin, 1980-